000 01486cam a2200349 a 4500
999 _c27007
_d27007
001 2568297
003 OSt
005 20170207103133.0
008 941031s1994 sz a bc 000 0 ger d
010 _a 95154561
020 _a3952053821
035 _a(OCoLC)31380653
040 _aNNM
_cNNM
_dDLC
_dDLC
042 _alccopycat
043 _af-cm---
_ae-sz---
050 0 4 _aN7399.C3M88 1994
110 2 _aMuseum für Völkerkunde und Schweizerisches Museum für Volkskunde Basel.
245 1 0 _aKunst in Kamerun /
_cBernhard Gardi.
260 _a[Basel :
_bMuseum für Völkerkunde und Schweizerisches Museum für Volkskunde Basel,
_c1994.
300 _a139 p. :
_bill. (some col.) ;
_c22 cm.
500 _aIncludes bibliographical references.
610 2 0 _aMuseum für Völkerkunde und Schweizerisches Museum für Volkskunde Basel
_xExhibitions.
650 0 _aArt, Cameroonian
_xExhibitions.
650 0 _aArt
_zSwitzerland
_zBasel
_xExhibitions.
700 1 _aGardi, Bernhard.
906 _a7
_bcbc
_ccopycat
_d3
_encip
_f19
_gy-gencatlg
942 _2lcc
_cBOOKS
_hN7399.C3M88 1994
_k34559